000 00905cam a22002657a 4500
005 20220329141240.0
008 971010s1991 r 00010 d
010 _a65115
011 _a66087
035 _a73974
082 _a632.9
_bG6
100 0 0 _aGonzález Mendoza, Miguel Alberto.
_949173
245 0 _aGuía de productos especializados para el control de plagas en ambientes urbanos, domésticos e industriales
260 _aMéxico, D.F. :
_bPLM,
_c1991
300 _a100 p.
_b: ilus.
590 _aBATCH-UPD
_b10
_c20130110
_lUCH01
_h0940
590 _aBATCH-UPD
_b10
_c20130410
_lUCH01
_h0557
590 _aBATCH-UPD
_b10
_c20130914
_lUCH01
_h1042
590 _aCONVERSION
_b10
_c20130109
_lUCH01
_h1335
650 1 4 _aControl de plagas.
_927595
650 1 4 _aPesticidas.
_987536
650 1 4 _aPlagas domésticas.
_988638
901 _aBK
949 _a632.9 G6
_bF
_cLIBRO
_d-6818
_eLIBRO
_h2930
_i73974
_si
999 _c65115
_d65115